000 00509nam a22001577a 4500
003 NUST
082 _a200
100 _aRiaz, Aqib
_9106929
245 _aMan-made Structures Recognition in Remote Sensing Imagery through Deep Learning/
_cAqib Riaz
264 _aIslamabad :
_bSEECS, NUST,
_c2022.
300 _a75 p. ;
650 _aMS-Electrical Engineering
_923567
700 _aSupervisor: Dr. Numan Khursheed
_9106930
856 _uhttp://10.250.8.41:8080/xmlui/handle/123456789/32131
942 _2ddc
_cSC
999 _c592936
_d592936